Welsh Translate Quiz with Hints - Statistics

General Stats
  • This quiz has been taken 94 times
  • The average score is 23 of 30
Answer Stats
Welsh English Category % Correct
mam mother relation
100%
tad father relation
99%
ffrind friend relation
94%
dwr water drink
94%
ffôn phone technology
93%
aur gold metal
91%
pen head body part
91%
brawd brother relation
90%
llaeth milk drink
90%
chwaer sister relation
89%
cant hundred number
87%
pedwar four number
85%
arian silver metal
84%
afal apple food
80%
caws cheese food
79%
cyfrifiadur computer technology
79%
crys shirt clothing
78%
rhedeg run action
77%
cig meat food
76%
llygad eye body part
74%
troed foot body part
73%
braich arm body part
72%
mochyn pig fauna
70%
buwch cow fauna
68%
coeden tree flora
63%
aderyn bird fauna
61%
morthwyl hammer tool
60%
haearn iron metal
56%
cymryd take action
32%
bwyell ax tool
15%
No matching quizzes found
Score Distribution
Percent of People with Each Score
Percentile by Number Answered
Your Score History
You have not taken this quiz